000 00674nas a2200241 4500
001 BR9203113
003 BR-BrBNA
005 20231205092611.0
007 ta
008 230509b bl.|||p| |||| 00| 00por d
040 _aBR-BrBNA
_bpor
_cBiblioteca Nacional de Agricultura
041 _a(Pt)
072 _aF08
100 1 _aMartinez, M.
245 1 _aPlastico: produtividade e solo protegido
650 _aPLASTICO
650 _aESTUFA
650 _aCAPA PLASTICA
650 _aROTACAO DE CULTURA
773 0 _tManchete Rural (Brazil)
_xISSN 0102-8901
_g(Dec 1989), v. 3(33) p. 76-80
_wBR9203113
909 _a202311
_bLúcia
_c55
_dLúcia Elande
942 _2AGRIS
_n0
_cANA
999 _c132793
_d132793